Kazakhstan Immigration by Country - Statistics

General Stats
  • This quiz has been taken 2,550 times
  • The average score is 13 of 18
Answer Stats
# People Country of Origin % Correct
2,411,227 Russia
99%
2,215 China
97%
288,745 Uzbekistan
95%
6,901 Kyrgyzstan
91%
16,210 Tajikistan
90%
346,445 Ukraine
87%
49,582 Azerbaijan
81%
9,371 Armenia
79%
3,356 Georgia
79%
48,062 Turkey
78%
70,858 Belarus
76%
29,952 Poland
64%
223,789 Germany
63%
12,348 Moldova
50%
4,495 Lithuania
47%
32,711 South Korea
44%
4,369 Bulgaria
42%
8,041 Greece
34%
No matching quizzes found
Score Distribution
Percent of People with Each Score
Percentile by Number Answered
Your Score History
You have not taken this quiz